| 000 | 00489nam a22001697a 4500 | ||
|---|---|---|---|
| 008 | 211018b |||||||| |||| 00| 0 eng d | ||
| 020 | _a0821894149 | ||
| 050 |
_aQA273 _b.G75 1997 c.1 |
||
| 100 | _aGrinstead, Charles M. | ||
| 245 |
_aIntroduction to Probability _cCharles M. Grinstead |
||
| 250 |
_a2nd ed. _bRevised edition |
||
| 260 |
_aUSA _bAmerican Mathematical Society _c1997 |
||
| 300 | _axi, 510p. | ||
| 650 | _aProbabilities | ||
| 700 | _aSnell, J. Laurie | ||
| 942 |
_2lcc _cBK |
||
| 999 |
_c19052 _d19051 |
||